[Event "Yanofsky Memorial op U1800"]
[Site "Winnipeg"]
[Date "2008.08.31"]
[Round "4"]
[White "Green, Aaron"]
[Black "Webb, Calvin J"]
[Result "1/2-1/2"]
[WhiteElo "1746"]
[BlackElo "1621"]
[PlyCount "121"]
[EventDate "2008.08.29"]
[EventType "swiss"]
[EventRounds "5"]
[EventCountry "CAN"]
[SourceTitle "EXT 2019"]
[Source "ChessBase"]
[SourceDate "2018.10.10"]
[SourceVersion "1"]
[SourceVersionDate "2018.10.10"]
[SourceQuality "1"]

1. e4 e6 2. d4 d5 3. Nd2 dxe4 4. Nxe4 Nd7 5. Nf3 Ngf6 6. Bg5 Be7 7. Bxf6 Nxf6 8. Nxf6+ Bxf6 9. c3 0-0 10. Bc4 c6 11. 0-0 b5 12. Bb3 Bb7 13. Re1 Qc7 14. a4 a5 15. axb5 cxb5 16. Ne5 a4 17. Bc2 Bd5 18. Re3 g6 19. Re1 Qb7 20. f3 Kg7 21. Qd2 Be7 22. Be4 Rfd8 23. Bxd5 Qxd5 24. Ng4 b4 25. Ne3 bxc3 26. bxc3 Bg5 27. Qc2 Qa5 28. Nc4 Qb5 29. Nd2 Qa5 30. Re5 Rd5 31. Nc4 Qa6 32. Rxd5 exd5 33. Ne5 Be7 34. Ng4 a3 35. Ne3 Qa5 36. Qb3 Rd8 37. Kf2 Bd6 38. Nxd5 Rb8 39. Nb4 Bxb4 40. cxb4 Rxb4 41. Rxa3 Qb6 42. Qc3 Qxd4+ 43. Qxd4+ Rxd4 44. Ke3 Rd1 45. h3 h5 46. Ke2 Rd5 47. Ra4 Re5+ 48. Kf2 Rc5 49. Kg3 Rc2 50. h4 Rd2 51. Ra3 Rc2 52. Kh3 Rc1 53. g3 Rh1+ 54. Kg2 Rc1 55. Ra2 Rd1 56. Rf2 Rc1 57. g4 hxg4 58. fxg4 Rc3 59. Rf3 Rc2+ 60. Kg3 Rc1 61. g5 1/2-1/2

[Event "Winnipeg Yanofsky Memorial U1800"]
[Site "Winnipeg"]
[Date "2007.09.01"]
[Round "3"]
[White "Sigurdson, Matthew"]
[Black "Webb, Calvin J"]
[Result "1-0"]
[WhiteElo "1363"]
[BlackElo "1666"]
[PlyCount "31"]
[EventDate "2007.08.31"]
[EventType "swiss"]
[EventRounds "5"]
[EventCountry "CAN"]
[SourceTitle "EXT 2022"]
[Source "ChessBase"]
[SourceDate "2021.10.06"]
[SourceVersion "1"]
[SourceVersionDate "2021.10.06"]
[SourceQuality "1"]

1. e4 e6 2. d4 d5 3. exd5 exd5 4. Nf3 Nf6 5. c4 c6 6. Nc3 Be6 7. Qb3 b6 8. a4 Nbd7 9. Bd3 Be7 10. Bf4 0-0 11. 0-0 dxc4 12. Bxc4 Bxc4 13. Qxc4 Qc8 14. Rfe1 Bd8 15. Bd6 Re8 16. Ng5 1-0

[Event "Winnipeg Yanofsky Memorial U1800"]
[Site "Winnipeg"]
[Date "2007.08.31"]
[Round "1"]
[White "Gibbons, Lorne"]
[Black "Webb, Calvin J"]
[Result "1-0"]
[WhiteElo "1280"]
[BlackElo "1666"]
[PlyCount "91"]
[EventDate "2007.08.31"]
[EventType "swiss"]
[EventRounds "5"]
[EventCountry "CAN"]
[SourceTitle "EXT 2022"]
[Source "ChessBase"]
[SourceDate "2021.10.06"]
[SourceVersion "1"]
[SourceVersionDate "2021.10.06"]
[SourceQuality "1"]

1. d4 d5 2. c4 e6 3. a3 Nf6 4. Nc3 Be7 5. Bf4 Nbd7 6. Nb5 0-0 7. Nxc7 dxc4 8. Nxa8 Nd5 9. Bg3 Bg5 10. Nf3 Qa5+ 11. Nd2 c3 12. bxc3 Nxc3 13. Qc2 Ne4 14. e3 Nxd2 15. Qxd2 Bd8 16. Bd3 f5 17. Qxa5 Bxa5+ 18. Ke2 Nf6 19. Nc7 a6 20. Bc4 Bxc7 21. Bxc7 Bd7 22. Be5 Bc6 23. Bxf6 Rxf6 24. f3 Kf8 25. Rhd1 Ba4 26. Rd2 b5 27. Ba2 Rh6 28. h3 Rg6 29. Kf2 Ke7 30. f4 h5 31. d5 exd5 32. Rxd5 Rc6 33. Rd2 Rc3 34. Bd5 g6 35. Bf3 Bb3 36. Bd1 Be6 37. Rc2 Rd3 38. Rc6 a5 39. Rb6 Rd2+ 40. Kg1 Rb2 41. a4 b4 42. Ra6 g5 43. fxg5 Bd5 44. Bf3 Bxf3 45. gxf3 Re2 46. Rxa5 1-0